00287nam a2200121Ia 4500008004100000041000800041082001200049100001800061245001600079260003800095300002400133365000800157240624s9999 xx 000 0 und d aeng a823 LUD aLUDLUM ROBERT aALTMAN CODE c2004aNew DelhibOrion Books Ltd. a489 : p. : cm. ; 17 cGBP